Loading...
| Science - Physics | 0 | 7 | 0 | 2 | 70 | 36 | 80.57 | 2 | 7 |
| Science - Chemistry | 0 | 5 | 0 | 1 | 50 | 32 | 70.80 | 2 | 5 |
| Science - Biology | 0 | 4 | 2 | 1 | 30 | 32 | 70.50 | 2 | 4 |
| Geography/Current Events | 0 | 3 | 0 | 2 | 30 | 87 | 112.67 | 2 | 3 |
| Science - Other Science | 0 | 3 | 1 | 0 | 25 | 48 | 58.67 | 3 | 3 |
| Religion | 0 | 2 | 0 | 1 | 20 | 73 | 107.00 | 1 | 2 |
| Fine Arts - Classical Music | 0 | 1 | 0 | 1 | 10 | 121 | 121.00 | 0 | 1 |
| Fine Arts - Other Fine Arts | 0 | 1 | 0 | 0 | 10 | 77 | 77.00 | 0 | 1 |
| History - European History | 0 | 1 | 0 | 1 | 10 | 139 | 139.00 | 0 | 1 |
| History - World History | 0 | 1 | 0 | 0 | 10 | 60 | 60.00 | 0 | 1 |
| Mythology | 0 | 1 | 0 | 0 | 10 | 66 | 66.00 | 0 | 1 |
| Social Science | 0 | 1 | 0 | 0 | 10 | 27 | 27.00 | 1 | 1 |
| Other Academic | 0 | 0 | 1 | 0 | -5 | 0.00 | 0 | 0 |